000 00626nam a2200229 a 4500
999 _c9362
_d9362
001 9362
003 BD-JhCC
005 20180313111811.0
008 180313s1974 b a|||| || | 001 0 eng d
035 _a(BD-JhCC)9362
040 _aBD-JhCC
_dBD-JhCC
041 _aeng
082 _a759.95492
_bJAH 1974
100 _aJahangir, Burhanuddin Khan
245 _aContemporary Painters :
_bBangladesh /
_cBurhanuddin Khan Jahangir,
260 _aDacca :
_bBangla Academy,
_c1974.
300 _aVerious Pages
_bill. ;
_c20 cm.
504 _aIncludes Index
650 _aPainters
_zBangladesh
942 _2ddc
_cBK